| 000 | 00489nam a2200169Ia 4500 | ||
|---|---|---|---|
| 999 |
_c12111 _d12111 |
||
| 003 | OSt | ||
| 005 | 20201110132804.0 | ||
| 008 | 190216s9999||||xx |||||||||||||| ||und|| | ||
| 040 | _coclc | ||
| 082 |
_a920 _bRAO/M |
||
| 100 |
_aRao, U S Mohan _96404 |
||
| 245 | 4 |
_aThe Message Of Mahatma Gandhi / _cU S Mohan Rao |
|
| 260 |
_bPublications Division, _c1968. _aNew Delhi: |
||
| 300 | _a136p | ||
| 650 | _aEnglish General | ||
| 942 |
_cBK _2ddc _h920 _iRAO/M _k920 _mRAO/M |
||